Statistics for CARS 🚙

Click here to take the quiz!

General Stats

  • This quiz has been taken 15 times
  • The average score is 5 of 10

Answer Stats

HintAnswer% Correct
type helloHello
86%
Toshihiro Mibe (April 2021)Honda
57%
Headquarters at Aichi, JapanToyota
57%
Headquarters at Wolfsburg, GermanyVolkswagen
50%
Car track in Azerbaijan TYPE THE CITYBaku
43%
gothenburg, swedenVolvo
43%
China car track (F1) TYPE THE CITYShanghai
36%
Headquarters at Hiroshima, JapanMazda
29%
Takao Kato is the CEOMitsubishi
29%
2011 _____ 599 SA ApertaFerrari
21%

Score Distribution

Percentile by Number Answered

Percent of People with Each Score

Your Score History

You have not taken this quiz